000 00487nam a22001817a 4500
003 LK-CoMWRAF
005 20240113132410.0
008 231225b |||||||| |||| 00| 0 eng d
040 _aLK-CoMWRAF
_dLK-CoMWRAF
_eLK-CoMWRAF
041 _aeng
082 _a346.016
_bLAW
245 _aLaws regarding marriage
260 _a[Lahore]:
_b[AGHS Legal Aid Cell],
_c[199-?]
300 _a 35 p.; 21 cm
490 _alegal literacy pamphlets
650 _aMarriage law -Pakistan
942 _cBK
999 _c4565
_d4565